|
|
|
|
| LEADER |
00000nam1a2200000 4500 |
| 001 |
264443 |
| 005 |
20231031222807.0 |
| 035 |
|
|
|a (RuTPU)RU\TPU\book\287434
|
| 090 |
|
|
|a 264443
|
| 100 |
|
|
|a 20140619d1965 k y0rusy50 ca
|
| 101 |
0 |
|
|a rus
|
| 102 |
|
|
|a RU
|
| 200 |
1 |
|
|a Ядерный магнитный резонанс
|e межведомственный сборник
|f Ленинградский государственный университет (ЛГУ)
|
| 210 |
|
|
|a Ленинград
|c Изд-во ЛГУ
|d 1965-
|
| 712 |
0 |
2 |
|a Ленинградский государственный университет (ЛГУ)
|c (1924-1991)
|2 stltpush
|3 (RuTPU)RU\TPU\col\77
|
| 801 |
|
1 |
|a RU
|b 63413507
|c 20140619
|
| 801 |
|
2 |
|a RU
|b 63413507
|c 20150507
|g RCR
|
| 942 |
|
|
|c BK
|